| 000 | 01043 a2200193 4500 | ||
|---|---|---|---|
| 001 | 32188 | ||
| 005 | 20260407155622.0 | ||
| 008 | 260407a1959 arg spa d | ||
| 003 | AR-UNSa-BCEJYS | ||
| 040 |
_aAR-UNSa-BCEJYS _bspa _cAR-UNSa-BCEJYS |
||
| 080 |
_a519.87 _xModelos matemáticos para la investigación operativa |
||
| 245 | 1 | 0 | _aMétodos y modelos de las investigación de operaciones |
| 264 | 1 |
_aMéxico : _bCECSA (Compañia Editorial Continental) _c1959 |
|
| 300 |
_a570 p. _c23 cm. |
||
| 505 | _a1. Generalidades - 2. Programas lineales - 3. Fenómenos de espera - 4. Problemas de inventarios - 5. Desgaste, reemplazo y mantenimiento del equipo - 6. Recordatorio de matemáticas - 7. Métodos de cálculo de los programas lineales - 8. Teoría de los fenómenos de espera - 9. Estudio análitico de los problemas de inventarios - 10. Estudio analítico de los problemas de desgaste, reemplazo y mantenimiento de los equipos -11. Tablas. | ||
| 942 | _cBK | ||
| 590 | _aniveau_biblio:m niveau_hierar:0 | ||
| 100 | 1 | _aKaufmann, Arnold | |
| 999 |
_c2266 _d2266 |
||